000 00375nam a2200145Ia 4500
008 191201s2013 xx 000 0 und d
082 _a621.4022
_bKOF
100 _aKOTHANDARAMAN, C P
245 0 _aFundamentals of Heat and Mass Transfer
250 _a14ED
260 _aN.Delhi
_bNew Age International Pub
_c2013
300 _a850
650 _aB.Tech(ME)
942 _2ddc
_cBK
999 _c5705
_d5705